000 00306nam a2200145Ia 4500
003 OSt
005 20240119125901.0
008 170523s9999 xx 000 0 und d
020 _a978-0989701365
040 _cIIMT
100 _aHONEYCUTT
245 0 _aSALES MANAGEMENT
260 _bPHI
942 _2ddc
_c02
999 _c1874
_d1874